000 00445pab a2200157 454500
008 180718b2003 xxu||||| |||| 00| 0 eng d
100 _aSrinivasan, T.N.
245 _aIndia's statistical system: critiquing the report of the National Statistical Commission
260 _c2003
300 _ap.303-06.
362 _a25 Jan
650 _aStatistics - India
650 _aStatistics
773 _aEconomic and Political Weekly
909 _a55431
999 _c55431
_d55431